| 000 | 00513nam a2200169Ia 4500 | ||
|---|---|---|---|
| 003 | LK-CoDNM | ||
| 008 | 010623t2010 xxu||||| |||| 00| 1 sin d | ||
| 040 |
_aLK-CoDNM _dLK-CoDNM _eLK-CoDNM |
||
| 041 | _asin | ||
| 080 | _aX8Se7KOP | ||
| 100 | _aKoparahewa,Sadagomi | ||
| 245 | _aවිසි වන සියවසේ සිංහල භාෂා ව්යවහාරය | ||
| 246 | _aVisi Wana Siyawase Sinhala Bhasa Viwaharaya | ||
| 260 |
_bGodage _aColombo _c2010 |
||
| 300 | _b430, 21 cm | ||
| 942 | _cBK | ||
| 999 |
_c130339 _d130339 |
||